| 000 | 00620cam a2200217 a 4500 | ||
|---|---|---|---|
| 001 | 13130851 | ||
| 005 | 20180813073717.0 | ||
| 008 | 030320s2004 njua 001 0 eng | ||
| 010 | _a 2003048233 | ||
| 020 | _a0131402080 | ||
| 040 |
_aDLC _cDLC _dDLC |
||
| 041 | _aeng | ||
| 080 | _a540 FAY | ||
| 082 | 0 | 0 |
_a540 FAY _221 |
| 100 | 1 | _a12 | |
| 101 | _aKIM | ||
| 245 | 1 | 0 |
_aChemistry / _cJohn McMurry, Robert C. Fay. |
| 906 |
_a7 _bcbc _corignew _d1 _eocip _f20 _gy-gencatlg |
||
| 942 |
_2ddc _cBK |
||
| 999 |
_c47046 _d47046 |
||